Papermaking Science and Technology Book 5: Mechanical Pulping

Gespeichert in:
Bibliographische Detailangaben
Weitere Verfasser: Sundholm, Jan
Format: Buch
Sprache:Englisch
Veröffentlicht: Helsinki Fapet Oy 1999
Schlagworte:
Online-Zugang:Im OPAC anzeigen
Tags: Tag hinzufügen
Keine Tags, Fügen Sie das erste Tag hinzu!

MARC

LEADER 00000nam a2200000 a 4500
005 20260127134242.0
008 060327 1998 fi 000 0 eng d
020 |a 9525216055 
035 |a vtls008639766 
039 9 |y 200603271245  |z mschk03 
040 |a STUSCHK1  |b slo  |c STUSCHK1  |e AACR2 
080 |a 676(03) 
245 1 |a Papermaking Science and Technology  |b Book 5: Mechanical Pulping 
260 |a Helsinki  |b Fapet Oy  |c 1999 
300 |a 427 p. 
650 0 |a papermaking science  |x technology 
700 1 |a Sundholm, Jan 
910 |a SCHK95 
919 |a 952-5216-05-5 
999 |c 7895  |d 7895